Регионална библиотека "Любен Каравелов" - Русе

Тиета от Агрести (Запис номер 54052)

MARC детайли
000 -Лидер
Контролно поле с фиксирана дължина 01509nam a2200337 c 4500
003 - Код на организацията, давaща контролен номер
Контролно поле BLK
005 - Дата и час на последна редакция
Контролно поле 20190103085229.0
008 - Елементи от данни с фиксирана дължина
fixed length control field 180408b bul|||||r ||||||| ||bul||
010 ## - Наследен системен номер
LC control number KNG00057996000
020 ## - Международен стандартен номер на книга ISBN
Международен стандартен номер на книга ISBN 978-954-529-912-4
-- издат.: Колибри
040 ## - Източник на каталожния запис
Идентификатор на билиотеката - собственик на записа BLK
041 ## - Код за език
Код за езика на текст/звукозапис или на отделно заглавие Български
Код за езика КДБФ Български
072 #7 - Код за тематичната категория
Код организация bullib
Код за тематична категория Н83
Текст Чужда художествена литература Н
080 ## - УДК
Текстов определител УДК Бразилска литература
УДК код - определител по УДК 821.134.3(81)
УДК определител -31
УДК - код + определител 821.134.3(81)-31
100 1# - Редна дума - Автор
Автор Амаду, Жоржи
Авторска отговорност първи автор
R(LIN) 31032
139 ## - Редно поле
Редна дума Амаду, Жоржи
Авторски знак Ам - А 60
245 10 - Сведения за заглавието
Заглавие Тиета от Агрести
Подзаглавни данни Пастирка на кози, или Завръщането на блудната дъщеря, мелодраматичен роман в пет сензационни епизода и вълнуващ епилог: емоции и затаен дъх!
Редно поле (дума) Жоржи Амаду; прев. от португ. Маргарита Дренска.
257 ## - Страна на издаване
Страна на създаване/издаване Бразилия
260 ## - Област на издателските данни
-- София
Име на издателя, разпространителя и проч. Колибри
Година на издаване 2011
Печатница София : Симолини
300 ## - Физическа характеристика
Страници 592 с.
Размери/Мащаб 22 см
380 ## - Жанр
Жанр Худож. лит.
500 ## - Общи забележки
Забележка Ориг. загл. Tieta do Agreste / Jorge Amado.
653 ## - Ключова дума – ненормативна
Ключова дума романи
659 ## - Тематичен бюлетин
Тематичен бюлетин Н
700 1# - Други автори (авторска отговорност)
Лично име Дренска, Маргарита
Автороска отговорност (Описва отношението между автора и произведението) прев. от португ.
9 (RLIN) 285359
852 ## - Местоположение
Форматна сигнатура Цб 254364
856 4# - Електронен адрес и достъп
Електронен формат pdf - файл
Път до файла /url/
856 4# - Електронен адрес и достъп
Електронен формат pdf - файл
Път до файла /url/
942 ## - АРТИКУЛИ
Вид на библиотечния материал Книги
Скрит в OPAC Не
Koha issues (borrowed), all copies 1
944 ## - СЪЗДАВАНЕ И РЕДАКЦИЯ на ЗАПИСА
Създаване/Редакция Създаване
Дата на регистрацията/редакция 10.01.2012
Статус, дата на статуса ф /
Служител, извършил регистрацията/редакцията Пенка_Димитрова
944 ## - СЪЗДАВАНЕ И РЕДАКЦИЯ на ЗАПИСА
Създаване/Редакция Редакция
Дата на регистрацията/редакция 20.03.2013
Статус, дата на статуса ф /
Служител, извършил регистрацията/редакцията
999 ## - СИСТЕМНИ КОНТРОЛНИ НОМЕРА
Koha biblionumber 54052
Koha biblioitemnumber 54052
Наличности
Код за отписване Код за изгубен артикул Източник на класификационната схема Код за повреда Коз за рестрикции Код за отдаване Артикулен № Име на библиотеката - собственик Име на библиотеката, в която се намира в момента Статус (Текущо местоположение) Дата на вписване в системата Местоположение - отдел Цена в лева Инвентарен номер Систематично азбучна сигнатура Баркод Номер на екземпляра Цена в евро Служебна бележка Служебен тип на артикула
Изтеглен Не е изгубен Universal Decimal Classification Не е повреден без рестрикции заемане за дома 85180 Регионална библиотека "Любен Каравелов" Русе Регионална библиотека "Любен Каравелов" Русе Заемна - подръчен фонд 2011-12-19 Заемна - подръчен фонд 18.00 120000756085 П 869.0-31/А 60 120000756085 1 9.20 Дост: Pk Вид: Ф N: 291 Дата: 15.12.2011 Дата инв: 09.02.2018 Бележки инв: П2018 Книги
  Не е изгубен   Не е повреден без рестрикции ползва се в читалня 85181 Регионална библиотека "Любен Каравелов" Русе Регионална библиотека "Любен Каравелов" Русе Хранилище 2013-03-20 Хранилище 18.00 120000765212 Цб 254364 120000765212 2 9.20 Дост: Dp Вид: Д N: 48 Дата: 21.11.2011 Книги
Vip Innovations Ltd, Rousse, Bulgaria 2025